Bir yolculuk (Record no. 5085)

MARC details
000 -BAŞLIK
Sabit Uzunlukta Kontrol Alanı 00771na a2200277 4500
001 - KONTROL NUMARASI
Denetim Alanı 14076
003 - KONTROL NUMARASI IDENTIFIER
Denetim Alanı MIRAKIL
005 - SON İŞLEM TARİHİ VE ZAMANI
Denetim Alanı 20181213155027.0
008 - SABİT-BOY VERİ ELEMANLARI - GENEL BİLGİLER
Sabit Uzunlukta Kontrol Alanı 160908b tu 000 0
020 ## - ULUSLARARASI STANDART KİTAP NUMARASI
Uluslararası Standart Kitap Numarası 9786055289133
035 ## - SİSTEM KONTROL NUMARASI
Sistem Kontrol Numarası 14076
040 ## - KATALOGLAMA KAYNAK
Orijinal Kataloglama Ajansı Milas
Kataloglama Dili tur
Metne Dönüştürmek Ajansı TR-AnCHP
082 ## - DEWEY ONLU SINIFLANDIRMA NUMARASI
Sınıflandırma Numarası 923.14 Blair,T.
Ürün Numarası B42b 2010
090 ## - SINIFLAMA NUMARASI
Sınıflama Numarası 923.14 Blair,T. B42b 2010
100 ## - ANA GİRİŞ - KİŞİSEL İSİM
Kişisel Ad Blair, Tony
245 ## - BAŞLIK TABLOSU
Başlık Bir yolculuk
Sorumluluk Tablosu, Vb Tony Blair ; çeviren : Enver Günsel
260 ## - YAYIN, DAĞITIM, VB
Yayın, Dağıtım, Vb Yeri İstanbul
Yayıncı, Dağıtıcı, Vs Adı Pegasus
Yayın, Dağıtım, Vb Tarihi 2012
300 ## - FİZİKSEL TANIM
Kapsam 736 s.
Diğer Fiziksel Ayrıntıları fotg.
Boyutlar 21 sm.
490 ## - SERİSİ TABLOSU
Seri Beyanı Otobiyografi
Hacim / Ardışık Tanımı 5
490 ## - SERİSİ TABLOSU
Seri Beyanı Pegasus yayınları
Hacim / Ardışık Tanımı 494
600 ## - KONU KATMA GİRİŞ - KURUMSAL ADI
Kişisel Ad Blair,Tony
Genel Alt Bölümü Anılar
600 ## - KONU KATMA GİRİŞ - KURUMSAL ADI
Kişisel Ad Blair,Tony
Bir Adıyla İlişkilendirilen Tarihler (1953-)
Genel Alt Bölümü Yaşamöyküsü
650 ## - KONU KATMA GİRİŞ - TOPİKAL DÖNEM
Topikal Süreli Veya Coğrafi Ad Giriş Elemanı Siyasetçiler
700 ## - KATMA GİRİŞ - KİŞİSEL İSİM
Kişisel Ad Günsel, Enver
942 ## - EKLENDİ GİRİŞ ELEMANLARI (KOHA)
Sınıflandırma Veya Raf Düzeni Kaynak Dewey Decimal Classification
Koha Öğesi Türü Books
999 ## - SİSTEM KONTROL NUMARALARI (KOHA)
Koha Biblionumber 5085
Koha Biblioitemnumber 5085
Holdings
Kalıcı Konum Mevcut Konum Edinme Tarihi Edinim Kaynak Toplam Check-Out'Lar Tam Çağrı Numarası Barkod Tarih Son Görülme İtibaren Geçerli Fiyatlar Koha Öğesi Türü
CHP Kütüphanesi CHP Kütüphanesi 08/23/2016 Bağış   923.14 Blair,T. B42b 2010 001843 08/23/2016 08/23/2016 Books
Parti Okulu Kütüphanesi Parti Okulu Kütüphanesi 02/27/2024     923.14 Blair,T. B42b 2010 21266 02/27/2024 02/27/2024 Books